Statistics for Biggest Cities in Argentina

Click here to take the quiz!

General Stats

  • This quiz has been taken 1,555 times
  • The average score is 6 of 10

Answer Stats

Population City % Correct
3,050,728Buenos Aires
100%
1,372,000Cordoba
87%
1,242,000Rosario
84%
885,000Mendoza
71%
732,000La Plata
56%
516,000Salta
51%
604,000Mar del Plata
50%
789,000San Miguel de Tucuman
47%
453,000San Juan
32%
493,000Santa Fe de la Vera Cruz
21%

Score Distribution

Percentile by Number Answered

Percent of People with Each Score

Your Score History

You have not taken this quiz